Macedonian Press Digest

Detalles Bibliográficos
Formato: eBook
Lenguaje:inglés
Publicado: Skopie: Macedonian Information Centre, 2014 -
Materias:
Acceso en línea:Acceso restringido

MARC

LEADER 00000nam a22000007a 4500
005 20191017001350.0
007 cr|||| ||||
008 191017c20149999mk dr|w s|||| 0|||b1eng d
035 |a 22226 
040 |a vLex 
090 |c 9872  |d 9872 
245 0 0 |a Macedonian Press Digest  |h [Recurso electrn̤ico] / 
256 |a Servicio en ln̕ea 
260 |a Skopie:  |b Macedonian Information Centre,  |c 2014 - 
300 |a 1 recurso electrn̤ico 
310 |a Diaria 
506 1 |a Disponible solo en los productos indicados  |d vLex Global  |d vLex Global (Academic Edition, excluding Law Schools)  |d vLex Global (U.S. Academic Edition, Law Schools)  |d vLex Global (U.S. Academic Edition, excluding Law Schools)  |d vLex Global (Academic Edition, Law Schools) 
650 0 4 |a Materias no jurd̕icas  |z Repb︢lica de Macedonia 
740 0 |a vLex Revistas (Servicio en ln̕ea) 
856 4 0 |u http://vlex.com/source/22226  |z Acceso restringido 
942 |c REV 
999 0 |a Non-legal matters